01330nam a22002177a 450000500170000000700150001700800410003202000220007303500100009504000090010510000170011424501100013125600240024126000400026530000280030550003440033350602700067765000320094774000380097985600950101720240305165608.0cr|||| |||| 210702s2020 co |||||s|||| 00||0 spa d a978-958-792-160-1 a33452 avLex1 aNeira, Nuria10aOratoria Experiencialh[Recurso electrónico] :bConecta con tu público y sus emociones /cNuria Neira aServicio en línea aBogotá:bEdiciones de la U,c2020 a1 recurso electrónico aBlanco, peludo y adorable, o verdes con bocas grandes y dientes afilados. El primero (Gizmo), y los otros, nuestros queridos Gremlins, promulgaban sonidos indescifrables, imposibles de entender, algunos más entrañables (los de Gizmo) y otros más insoportables. Pero al fin y al cabo el lenguaje de los Mogwai era y es incomprensible.1 aDisponible solo en los productos indicadosdvLex GlobaldvLex Global (Academic Edition, excluding Law Schools)dvLex Global (U.S. Academic Edition, Law Schools)dvLex Global (U.S. Academic Edition, excluding Law Schools)dvLex Global (Academic Edition, Law Schools)04aCiencias socialeszColombia0 avLex Libros (Servicio en línea)40uhttps://vlex.com/source/oratoria-experiencial-conecta-con-tu-publico-y-sus-emociones-33452